General knowlage 1 - Statistics

General Stats
  • This quiz has been taken 51 times
  • The average score is 5 of 15
Answer Stats
Hint Answer % Correct
2 + 77 + 1 = 80
93%
Mark Zuckerberg Facebook
83%
Au is what Gold
62%
Olive oil is from which country Italy
57%
La Isla Bonita, Material Girl Madonna
48%
Julius Caesar wife Cleopatra
40%
Gangsta Paradise singer Coolio
40%
Beagle, Shih-Tzu, Australian sheppard Dogs
38%
Foie Gras is from what animal Goose
14%
What is Vanuatu capital Port-Vila
10%
Cher recovered what groups music ABBA
5%
Who rules before Jesus Christ was born in Egypt Pharoah
5%
Type of wine and female name Sherry
5%
What Veggie is Curly in french Frisée
0%
KS-200 by Kensiko is what Wire Speakers
0%
No matching quizzes found
Score Distribution
Percent of People with Each Score
Percentile by Number Answered
Your Score History
You have not taken this quiz